Karian excavations, 1955. (Record no. 74347)

MARC details
000 -LEADER
fixed length control field 00692cam a22002411 4500
001 - CONTROL NUMBER
control field sa 67004267
003 - CONTROL NUMBER IDENTIFIER
control field DLC
005 - DATE AND TIME OF LATEST TRANSACTION
control field 20260227112345.0
008 - FIXED-LENGTH DATA ELEMENTS--GENERAL INFORMATION
fixed length control field 860305s1965 ii ab 000 0 eng
010 ## - LIBRARY OF CONGRESS CONTROL NUMBER
LC control number sa 67004267
025 ## - OVERSEAS ACQUISITION NUMBER
Overseas acquisition number PL480:I-E-7000
035 ## - SYSTEM CONTROL NUMBER
System control number (OCoLC)13242057
040 ## - CATALOGING SOURCE
Original cataloging agency DLC
Transcribing agency CLU
Modifying agency DLC
042 ## - AUTHENTICATION CODE
Authentication code premarc
050 00 - LIBRARY OF CONGRESS CALL NUMBER
Classification number DS486.K335
Item number R6
100 1# - MAIN ENTRY--PERSONAL NAME
Personal name Roy, Sita Ram.
245 10 - TITLE STATEMENT
Title Karian excavations, 1955.
260 ## - PUBLICATION, DISTRIBUTION, ETC.
Place of publication, distribution, etc. Patna,
Name of publisher, distributor, etc. Kashi Prasad Jayaswal Research Institute,
Date of publication, distribution, etc. 1965.
300 ## - PHYSICAL DESCRIPTION
Extent 34 p.
Other physical details illus., fold. map.
Dimensions 25 cm.
490 1# - SERIES STATEMENT
Series statement Historical research series,
Volume/sequential designation v. 5
651 #0 - SUBJECT ADDED ENTRY--GEOGRAPHIC NAME
Geographic name Karian
General subdivision Antiquities.
830 #0 - SERIES ADDED ENTRY--UNIFORM TITLE
Uniform title Historical researches series ;
Volume/sequential designation v. 5.

No items available.

Powered by Koha